000 00883cam a22002413a 4500
001 20459
003 PGUSA
005 20140828083431.0
008 070127s2007||||xxu|||||s|||||000 | eng d
040 _aPGUSA
_beng
042 _adc
050 4 _aPR
100 1 _aStephen, Leslie,
_d1832-1904
245 1 0 _aHours in a Library, Volume I. (of III.)
_h[electronic resource] /
_cLeslie Stephen
260 _bProject Gutenberg,
_c2007
505 0 _aDe Foe's novels -- Richardson's novels -- Pope as a moralist -- Sir Walter Scott -- Nathaniel Hawthorne -- Balzac's novels -- De Quincey -- Sir Thomas Browne -- Jonathan Edwards -- Horace Walpole.
506 _aPublic domain in the USA.
516 _aElectronic text
653 _aEnglish literature -- History and criticism
830 0 _aProject Gutenberg
_v20459
856 4 0 _uhttp://www.gutenberg.org/ebooks/20459
942 _cEB
999 _c249714
_d249714